Ultimate Game of Thrones Actors Quiz - Statistics

General Stats
  • This quiz has been taken 1,428 times
    904 since last reset
  • The average score is 62 of 124
Answer Stats
Seasons Eps. Actor Hint Character % Correct
1-3 21 Richard Madden Eldest Wolf son King Robb Stark
97%
1-E 59 Maisie Williams Youngest Wolf sister Arya Stark
90%
1 9 Sean Bean Lord of the North Lord Eddard Stark
87%
1-8 47 Alfie Allen Torn between Krakhen and Wolf Theon Greyjoy
87%
1-8 52 Iain Glenn Dragon queen's bear Ser Jorah Mormont
84%
1-7 41 Aiden Gillian Master of Coin Lord Petyr "Littlefinger" Baelish
83%
4 7 Pedro Pascal Dornish warrior prince Prince Oberyn Martell
83%
2-4 17 Rose Leslie Ginger-haired wildling warrior woman Ygritte
83%
3-6 20 Iwan Rheon Tortuous northern bastard Ramsay Bolton
82%
1-8 55 Nikolaj Coster-Waldeau One-handed Lion Ser Jaime Lannister
82%
1-3 25 Michelle Fairley Lady of the North Lady Catelyn Stark
81%
1-4 27 Charles Dance Lion family patriarch Lord Tywin Lannister
81%
1, 3, 6, 7 6 David Bradley Red Wedding host Lord Walder Frey
81%
3-5 5 Ciarán Hinds Wildling King Mance Rayder
81%
1-E 59 Sophie Turner Eldest Wolf daughter Sansa Stark
81%
2-E 42 Liam Cunningham Westeros' #1 smuggler Ser Davos Seaworth
81%
1-8 62 Lena Headey Lion Queen Queen Cersei Lannister
80%
1-E 62 Kit Harington Son of wolf and dragon Jon Snow
78%
1 10 Jason Mamoa Dothraki warlord Khal Drogo
78%
1-6 21 Finn Jones The Rose Knight Ser Loras Tyrell
78%
2-E 42 Gwendoline Christie Sapphire warrior woman Lady Brienne of Tarth
76%
1-8 46 Conleth Hill Master of Whispers Lord Varys the Spider
76%
1-3, 6 14 Art Parkinson Youngest Wolf son Rickon Stark
76%
1-E 48 John Bradley Slayer of White Walkers Samwell Tarly
76%
1-E 67 Peter Dinklage Drinks wine, knows things Tyrion Lannister
76%
4-6 18 Dean-Charles Chapman Youngest Lion king King Tommen Baratheon
74%
2-E 35 Daniel Portman Quiet squire Podrick Payne
74%
3-E 34 Jacob Anderson Unsullied leader Grey Worm
72%
1-4 26 Jack Gleeson Eldest Lion King King Joffrey Baratheon
72%
1-2 8 Gethin Anthony Youngest Stag King King Renly Baratheon
72%
1-E 37 Jerome Flynn Rogue sellsword Ser Bronn of the Blackwater
72%
1 7 Mark Addy Eldest Stag king King Robert Baratheon
71%
1-8 62 Emilia Clarke Exiled dragon queen Queen Daenerys Targaryen
71%
1-4, 6-8 38 Rory McCann Big pyrophobic swordsman "The Hound" Sandor Clegane
71%
1-6 23 Kristian Nairn Crippled Wolf carrier Hodor
69%
1 & 4 5 Kate Dickie Lady of the Vale Lady Lysa Arryn
69%
2-6 26 Natalie Dormer Queen of Flowers Queen Margaery Tyrell
68%
2-5 24 Stephen Dillane Middle Stag King King Stannis Baratheon
67%
1-4, 7, E? 12 Ben Hawkey Teenaged pastry chef Hot Pie
66%
1, 4, 8-E 9 Lino Facioli Heir to the Eyrie Lord Robin Arryn
64%
3-E 33 Kristofer Hivju Ginger-haired wildling warrior man Tormund Giantsbane
64%
2, 5-6 E? 17 Tom Wlaschiha Faceless Man Jaqen H'ghar
63%
6-8 9 Bella Ramsey Bear Island Giantslayer girl Lady Lyanna Mormont
63%
1-E 40 Isaac Hempstead Wright The Broken King Brandon Stark
62%
6-8 9 Pilou Asbæk Insane Krakhen Euron Greyjoy
62%
1 5 Harry Lloyd The crowned dragon Viserys Targaryen
62%
2-6 19 Michael McElhatton Red Wedding Betrayer Lord Roose Bolton
61%
4-8 17 Hafthor Bjornsson Eye-squishing behemoth Ser Gregor Clegane (#3)
61%
1-2, 5-6 16 Eugene Simon Lion cousin turned holy Ser Lancel Lannister
60%
3, 6, 8-E 9 Tobias Menzies Riverrun's heir Lord Edmure Tully
58%
2-E 28 Hannah Murray Timid wildling woman Gilly
56%
1-3 12 James Cosmo The Old Bear Lord Commander Jeor Mormont
56%
3-7 18 Diana Rigg Queen of Thorns Lady Olenna Tyrell
55%
2-8 29 Carice van Houten R'Hollor's most devout Melisandre
55%
5 6 Nell Tiger Free Sister to Lion Kings Princess Myrcella Baratheon
55%
3-5 10 Kerry Ingram Sickly Stag daughter Princess Shireen Baratheon
55%
1-3 17 Joe Dempsie Smithing Stag bastard Gendry
54%
1-2 4 Wilko Johnson Silent executioner Ser Illyn Payne
54%
3-4 10 Thomas Brodie-Sangster Greenseer wolf-son companion Jojen Reed
53%
1, 6-7 6 Joseph Mawle Northern lord's brother Benjen Stark
52%
1-5 11 Peter Vaughan Night's Watch's elderly dragon Maester Aemon
52%
2-E 16 Gemma Whelan Krakhen warrior woman Yara Greyjoy
52%
3-8 38 Nathalie Emmanuel Naathi dragon counsellor Missandei
51%
1-6 31 Julian Glover Red Keep doctor/adviser Grand Maester Pycelle
50%
3-8 22 Anton Lesser Lion Queen's hand Qyburn
50%
4-7 13 Indira Varma Dornish prince's paramour Ellaria Sand
49%
1, 3-5 25 Ian McElhinney Most honourable Kingsguard Ser Barristan Selmy
48%
1-3, 6 16 Natalia Tena Wildling woman among wolves Osha
46%
1-2, 5-6 12 Ian Gelder Patriarch lion's brother Ser Kevan Lannister
45%
3, 6 7 Clive Russell Riverrun heir's uncle Ser Brynden "The Blackfish" Tully
44%
1-2, 4-5 15 Dominic Carter Goldcloak turned Night's Watch Ser Janos Slynt
44%
2-3 11 Oona Chaplin Wife of Eldest Wolf Son Queen Talisa Maegyr
43%
4-6 13 Roger Ashton-Griffiths Lord of Flowers Lord Mace Tyrell
42%
1-4 20 Sibel Kekilli Betrayer of the Little Lion Shae
42%
5-6 12 Jonathan Pryce The most pious one The High Sparrow
42%
6-7 5 James Faulkner Father of White Walker Slayer Lord Randyll Tarly
40%
5-7 8 Keisha Castle-Hughes Eldest Sandsnake Obara Sand
40%
1-2 14 Donald Sumpter Original Wolf doctor/advisor Maester Luwin
38%
3-7 E? 16 Ellie Kendrick Wolf-son bodyguard Meera Reed
38%
5-6 5 Alexander Siddig Gouty Dornish Prince Prince Doran Martell
38%
1-6 19 Owen Teale Old, grumpy Night's Watchman Ser Alliser Thorne
38%
5-6 11 Faye Marsay Faceless woman The Waif
38%
2-8 34 Ben Crompton Dour Night's Watchman Dolorous Edd Tollett
37%
2-3, 6 5 Patrick Malahide Krakhen King King Balon Greyjoy
37%
7 4 Tom Hopper Brother of White Walker Slayer Dickon Tarly
36%
3, 6-8 13 Richard Dormer Lightning Lord of R'Hollor Lord Beric Dondarrion
36%
1-3 14 Esmé Bianco Northern redheaded businesswoman Ros
36%
3, 6-7 10 Paul Kaye Wayward R'Hollor priest Thoros of Myr
36%
4-6 E? 18 Michael Huisman Sellsword company rep Daario Naharis
35%
1-4 22 Mark Stanley Muscly Night's Watchman Grenn
34%
5-7 8 Jessica Henwick Middle Sandsnake Nymeria Sand
34%
6-8 5 Vladimir 'Furdo' Furdik Icy regent The Night King
33%
2-3 5 Robert Pugh Incestous wildling man Craster
32%
4-6 17 Brenock O'Connor Northern orphan Olly
32%
1-4 13 Josef Altin Lanky Night's Watchman Pypar
32%
1-5 17 Ian Bettie Amoral kingsguard Ser Meryn Trant
32%
2-8 16 Ian Whyte Portrayer of multiple behemoths Wun-Wun, Gregor Clegane (#2), Giant Wight
32%
5-6 5 Toby Sebastian Dornish prince-in-waiting Trystane Martell
28%
3-5 10 Tara Fitzgerald Second Stag King's wife Lady Selyse Baratheon
27%
3-4 8 Noah Taylor Chopper of hands Locke
27%
1-2 13 Ron Donachie Wolf master-at-arms Ser Rodrik Cassel
27%
5-7 9 Rosabell Laurenti Sellers Youngest Sandsnake Tyene Sand
27%
3-5 8 Charlotte Hope Tortuous bastard-lover Myranda
26%
5-6 8 Hannah Waddingham Lion Queen's jailer Septa Unella
26%
1-2 7 Francis Magee Night's Watch recruiter Yoren
26%
2 5 Nonso Anozie Qartheen nobleman Xaro Xhoan Daxos
25%
1-2 13 Amrita Achari Dragon queen's handmaid Irri
22%
1 5 Jamie Sives Wolf guardian Ser Jory Cassel
21%
4 4 Yuri Kolokolnikov Bald Wildling Leader Styr, The Magnar of Thenn
18%
3 6 Mackenzie Crook Wildling warg Orell
17%
1, 3-4 12 Luke Barnes Traitorous Night's Watch bully Rast
16%
3-4 4 Burn Gorman Legend of Gin Alley Karl Tanner
15%
4-E 13 Rupert Vansittart Elder Vale knight Lord Yohn Royce
15%
2-3 5 John Stahl Wolf-cousin and betrayer Rickard Karstark
15%
4-5 8 Joel Fry Mereneese Slaver Hizdahr zo Loraq
14%
2 4 Simon Armstrong Night's Watch ranger Qhorin Halfhand
14%
2 5 Ralph Ineson Krakhen son's shifty advisor Dagmer Cleftjaw
11%
3-5 7 Will Tudor Male companion for hire Olyvar
11%
4,5,7, E? 4 Mark Gatiss Braavosi banker Tycho Nestoris
11%
7-E 4 Jim Broadbent Tenured Citadel professor Archmaester Ebrose
9%
6-8 6 Megan Parkinson Repentant wolf-cousin girl Alys Karstark
7%
6-E 12 Richard Rycroft Replacement Wolf doctor/advisor Maester Wolkan
7%
6-8 11 Staz Nair Dothraki rep for Dragon Queen Qhono
4%
2, E? 8 Steven Cole Dragon Queen's Dothraki guard Kovarro
2%
No matching quizzes found
Score Distribution
Percent of People with Each Score
Percentile by Number Answered
Your Score History
You have not taken this quiz since the last reset